[Event "ESP-ch U16 rapid"]
[Site "Salobrena"]
[Date "2023.07.30"]
[Round "9"]
[White "Molina Souponitskaia, Alexander"]
[Black "Sanchez Aguilar, Arnau"]
[Result "1-0"]
[WhiteElo "1777"]
[BlackElo "2046"]
[PlyCount "97"]
[EventDate "2023.07.29"]
[EventType "swiss (rapid)"]
[EventRounds "9"]
[EventCountry "ESP"]
[SourceTitle "EXT 2024"]
[Source "ChessBase"]
[SourceDate "2023.10.10"]
[SourceVersion "1"]
[SourceVersionDate "2023.10.10"]
[SourceQuality "1"]

1. e4 Nc6 2. Nf3 e5 3. d4 exd4 4. Nxd4 Bc5 5. Nb3 Bb6 6. Qe2 Nge7 7. Nc3 0-0 8. Be3 Bxe3 9. Qxe3 a5 10. a3 a4 11. Nd4 Nxd4 12. Qxd4 Nc6 13. Qd2 Qe7 14. 0-0-0 Qc5 15. f3 Ra5 16. Qd5 Qe3+ 17. Qd2 Qc5 18. Qd5 Qa7 19. Qd2 d6 20. Bc4 Be6 21. Bd5 Ne5 22. Qe2 Rb8 23. Bxe6 fxe6 24. Nb5 Qc5 25. Nd4 Re8 26. Kb1 Nc4 27. c3 e5 28. Nc2 Rb5 29. Nb4 Qb6 30. Qxc4+ Kh8 31. Qe2 Qa5 32. Rd5 c5 33. Na2 Qb6 34. Rhd1 Rd8 35. Qc2 Qc6 36. Ka1 Rb3 37. Nc1 Rb6 38. g3 h6 39. f4 exf4 40. gxf4 Rf8 41. f5 Qc7 42. Nd3 Rb3 43. Nf4 Rb8 44. Rxd6 b5 45. Ne6 Qa5 46. Rd8+ Rxd8 47. Rxd8+ Kh7 48. Qg2 Qa7 49. Qg6# 1-0

[Event "Foment Martinenc op-A 23rd"]
[Site "Barcelona"]
[Date "2023.04.29"]
[Round "2"]
[White "Silva Cerda, Mark Valentin"]
[Black "Sanchez Aguilar, Arnau"]
[Result "0-1"]
[WhiteElo "1670"]
[BlackElo "2072"]
[PlyCount "42"]
[EventDate "2023.04.22"]
[EventType "swiss"]
[EventRounds "9"]
[EventCountry "ESP"]
[SourceTitle "EXT 2024"]
[Source "ChessBase"]
[SourceDate "2023.10.10"]
[SourceVersion "1"]
[SourceVersionDate "2023.10.10"]
[SourceQuality "1"]

1. d4 d5 2. c4 e6 3. Nc3 Nf6 4. cxd5 Nxd5 5. Nf3 c5 6. e3 cxd4 7. exd4 Be7 8. Bd3 Nxc3 9. bxc3 Nd7 10. 0-0 0-0 11. Bc2 Re8 12. Qd3 Nf8 13. Ne5 Bd6 14. f4 Qc7 15. Rf3 f6 16. Nc4 Be7 17. a4 b6 18. Ba3 Ba6 19. Rh3 Qxc4 20. Qg3 Bxa3 21. Rxa3 Qf1# 0-1

[Event "Roncana op-A 14th"]
[Site "Santa Eulalia de Roncana"]
[Date "2022.11.12"]
[Round "5"]
[White "Sanchez Aguilar, Arnau"]
[Black "Torras Coloma, Pau"]
[Result "1-0"]
[WhiteElo "1966"]
[BlackElo "1871"]
[PlyCount "71"]
[EventDate "2022.10.08"]
[EventType "swiss"]
[EventRounds "8"]
[EventCountry "ESP"]
[SourceTitle "EXT 2024"]
[Source "ChessBase"]
[SourceDate "2023.10.10"]
[SourceVersion "1"]
[SourceVersionDate "2023.10.10"]
[SourceQuality "1"]

1. e4 e5 2. Nf3 Nf6 3. Nxe5 d6 4. Nf3 Nxe4 5. Nc3 Nxc3 6. dxc3 Be7 7. Be3 Nc6 8. Qd2 Be6 9. Ng5 Qd7 10. Bb5 Bxg5 11. Bxg5 a6 12. Bd3 Ne5 13. 0-0 Nxd3 14. cxd3 0-0 15. d4 Bd5 16. b3 b5 17. Rac1 Qc6 18. f3 Rfe8 19. Qd3 f6 20. Bh4 Bf7 21. c4 bxc4 22. bxc4 Qa4 23. Rf2 Rab8 24. f4 Rb4 25. d5 c6 26. dxc6 Rxc4 27. Rfc2 d5 28. c7 Rc8 29. Rxc4 dxc4 30. Qd6 Qb5 31. Rd1 Qb7 32. Qe7 Bd5 33. Qd8+ Kf7 34. Qxd5+ Qxd5 35. Rxd5 Rxc7 36. Rd2 1-0

[Event "ESP-chT CECLUB Div2"]
[Site "Linares"]
[Date "2022.08.25"]
[Round "5.6"]
[White "Sanchez Aguilar, Arnau"]
[Black "Ponce Cano, Adrian"]
[Result "1/2-1/2"]
[WhiteElo "1924"]
[BlackElo "2208"]
[PlyCount "61"]
[EventDate "2022.08.22"]
[EventType "team-swiss"]
[EventRounds "7"]
[EventCountry "ESP"]
[SourceTitle "CBM 209 Extra"]
[Source "ChessBase"]
[SourceDate "2022.09.30"]
[SourceVersion "1"]
[SourceVersionDate "2022.09.30"]
[SourceQuality "1"]
[WhiteTeam "Llinars"]
[BlackTeam "Agora Megaescacs"]
[WhiteTeamCountry "ESP"]
[BlackTeamCountry "ESP"]

1. e4 c6 2. d4 d5 3. e5 Bf5 4. h4 h5 5. Bd3 Bxd3 6. Qxd3 Qa5+ 7. Nd2 e6 8. Ngf3 Nh6 9. 0-0 Nf5 10. Nb3 Qa6 11. Qd1 b6 12. Bg5 c5 13. c3 Nc6 14. a4 c4 15. Nbd2 Rc8 16. Qe2 Qb7 17. b3 cxb3 18. Nxb3 Be7 19. Bxe7 Ncxe7 20. Rfc1 0-0 21. a5 Rc6 22. Rc2 Rfc8 23. a6 Qc7 24. Rac1 g6 25. g3 Qd7 26. Nfd2 R8c7 27. Qb5 Kf8 28. Kg2 Qd8 29. Kh2 Qd7 30. Kg2 Qd8 31. Kh2 1/2-1/2

[Event "Foment Martinenc op-A 22nd"]
[Site "Barcelona"]
[Date "2022.05.07"]
[Round "3"]
[White "Ruiz Soria, Adria"]
[Black "Sanchez Aguilar, Arnau"]
[Result "0-1"]
[WhiteElo "1834"]
[BlackElo "2020"]
[PlyCount "62"]
[EventDate "2022.04.23"]
[EventType "swiss"]
[EventRounds "9"]
[EventCountry "ESP"]
[SourceTitle "EXT 2023"]
[Source "ChessBase"]
[SourceDate "2022.10.05"]
[SourceVersion "1"]
[SourceVersionDate "2022.10.05"]
[SourceQuality "1"]

1. d4 Nf6 2. c4 c5 3. d5 e6 4. Nc3 exd5 5. cxd5 d6 6. e4 g6 7. f4 Bg7 8. Bb5+ Nfd7 9. a4 0-0 10. Nf3 Nf6 11. 0-0 Bg4 12. h3 Bxf3 13. Qxf3 Nbd7 14. g4 a6 15. Bd3 Qb6 16. a5 Qc7 17. Be3 Rfb8 18. e5 dxe5 19. g5 Nh5 20. f5 e4 21. Bxe4 Qg3+ 22. Qxg3 Nxg3 23. fxg6 hxg6 24. Bf4 Nxf1 25. Rxf1 Re8 26. Bg2 Bd4+ 27. Kh1 Be3 28. d6 Bxf4 29. Rxf4 Rab8 30. Nd5 Kg7 31. h4 Re6 0-1